<?xml version="1.0" encoding="UTF-8"?>
<record
    xmlns:xsi="http://www.w3.org/2001/XMLSchema-instance"
    xsi:schemaLocation="http://www.loc.gov/MARC21/slim http://www.loc.gov/standards/marcxml/schema/MARC21slim.xsd"
    xmlns="http://www.loc.gov/MARC21/slim">

  <leader>00701nam a22001697a 4500</leader>
  <controlfield tag="003">SGT</controlfield>
  <datafield tag="020" ind1=" " ind2=" ">
    <subfield code="a">9788131709726</subfield>
  </datafield>
  <datafield tag="082" ind1=" " ind2=" ">
    <subfield code="a">541.39,LAI</subfield>
  </datafield>
  <datafield tag="100" ind1=" " ind2=" ">
    <subfield code="a">LAIDLER, J.KENTH</subfield>
  </datafield>
  <datafield tag="245" ind1=" " ind2=" ">
    <subfield code="a">CHEMICAL KINETICS</subfield>
  </datafield>
  <datafield tag="250" ind1=" " ind2=" ">
    <subfield code="a">3RD</subfield>
  </datafield>
  <datafield tag="260" ind1=" " ind2=" ">
    <subfield code="a">NEW DELHI</subfield>
    <subfield code="b">PEARSON</subfield>
    <subfield code="c">2013</subfield>
  </datafield>
  <datafield tag="300" ind1=" " ind2=" ">
    <subfield code="a">531</subfield>
  </datafield>
  <datafield tag="650" ind1=" " ind2=" ">
    <subfield code="a">CHEMICAL REACTIONS</subfield>
  </datafield>
  <datafield tag="653" ind1=" " ind2=" ">
    <subfield code="a">1.BASIC KINETIC CONCEPTS. 2.ANALYSIS OF KINETIC RESULTS. 3.ENERGY OF ACTIVATION. 4.THEORIES OF REACTION RATES. 5.	ELEMENTARY GAS-PHASE REACTIONS. 6.ELEMENTARY REACTIONS IN SOLUTION. 7.REACTIONS ON SURFACES. 8.COMPOSITE REACTIONS. 9.PHOTOCHEMICAL AND RADIATION-CHEMICAL REACTIONS. 10.HOMOGENEOUS CATALYSIS. 11.ISOTOPE EFFECTS. 12.REACTION DYNAMICS.</subfield>
  </datafield>
  <datafield tag="942" ind1=" " ind2=" ">
    <subfield code="2">ddc</subfield>
    <subfield code="c">FPS</subfield>
    <subfield code="0">9</subfield>
  </datafield>
  <datafield tag="952" ind1=" " ind2=" ">
    <subfield code="0">0</subfield>
    <subfield code="1">0</subfield>
    <subfield code="2">ddc</subfield>
    <subfield code="4">0</subfield>
    <subfield code="7">1</subfield>
    <subfield code="8">FS</subfield>
    <subfield code="a">SSSL</subfield>
    <subfield code="b">SSSL</subfield>
    <subfield code="c">REF</subfield>
    <subfield code="d">2016-06-28</subfield>
    <subfield code="e">KRITI PRAKASHAN</subfield>
    <subfield code="g">675.00</subfield>
    <subfield code="i">SGTU</subfield>
    <subfield code="o">541.39,LAI</subfield>
    <subfield code="p">PS909</subfield>
    <subfield code="r">2016-06-28 00:00:00</subfield>
    <subfield code="w">2015-09-19</subfield>
    <subfield code="y">FPS</subfield>
    <subfield code="k">2947</subfield>
  </datafield>
  <datafield tag="952" ind1=" " ind2=" ">
    <subfield code="0">0</subfield>
    <subfield code="1">0</subfield>
    <subfield code="2">ddc</subfield>
    <subfield code="4">0</subfield>
    <subfield code="7">0</subfield>
    <subfield code="8">FS</subfield>
    <subfield code="a">SSSL</subfield>
    <subfield code="b">SSSL</subfield>
    <subfield code="c">TXT</subfield>
    <subfield code="d">2016-06-28</subfield>
    <subfield code="e">KRITI PRAKASHAN</subfield>
    <subfield code="g">675.00</subfield>
    <subfield code="i">SGTU</subfield>
    <subfield code="l">8</subfield>
    <subfield code="o">541.39,LAI</subfield>
    <subfield code="p">PS910</subfield>
    <subfield code="r">2023-05-25 00:00:00</subfield>
    <subfield code="s">2023-05-10</subfield>
    <subfield code="w">2015-09-19</subfield>
    <subfield code="y">FPS</subfield>
    <subfield code="k">2947</subfield>
  </datafield>
  <datafield tag="952" ind1=" " ind2=" ">
    <subfield code="0">0</subfield>
    <subfield code="1">0</subfield>
    <subfield code="2">ddc</subfield>
    <subfield code="4">0</subfield>
    <subfield code="7">0</subfield>
    <subfield code="8">FS</subfield>
    <subfield code="a">SSSL</subfield>
    <subfield code="b">SSSL</subfield>
    <subfield code="c">TXT</subfield>
    <subfield code="d">2016-06-28</subfield>
    <subfield code="e">KRITI PRAKASHAN</subfield>
    <subfield code="g">675.00</subfield>
    <subfield code="i">SGTU</subfield>
    <subfield code="l">7</subfield>
    <subfield code="o">541.39,LAI</subfield>
    <subfield code="p">PS911</subfield>
    <subfield code="r">2022-04-13 00:00:00</subfield>
    <subfield code="s">2022-04-06</subfield>
    <subfield code="w">2015-09-19</subfield>
    <subfield code="y">FPS</subfield>
    <subfield code="k">2947</subfield>
  </datafield>
  <datafield tag="952" ind1=" " ind2=" ">
    <subfield code="0">0</subfield>
    <subfield code="1">0</subfield>
    <subfield code="2">ddc</subfield>
    <subfield code="4">0</subfield>
    <subfield code="7">0</subfield>
    <subfield code="8">FS</subfield>
    <subfield code="a">SSSL</subfield>
    <subfield code="b">SSSL</subfield>
    <subfield code="c">TXT</subfield>
    <subfield code="d">2016-07-14</subfield>
    <subfield code="e">KIRTI PRAKASHAN</subfield>
    <subfield code="g">675.00</subfield>
    <subfield code="i">SGTU</subfield>
    <subfield code="l">5</subfield>
    <subfield code="o">541.39,LAI</subfield>
    <subfield code="p">PS1192</subfield>
    <subfield code="r">2023-03-06 00:00:00</subfield>
    <subfield code="s">2023-02-21</subfield>
    <subfield code="w">2015-10-19</subfield>
    <subfield code="y">FPS</subfield>
    <subfield code="k">3151</subfield>
  </datafield>
  <datafield tag="952" ind1=" " ind2=" ">
    <subfield code="0">0</subfield>
    <subfield code="1">0</subfield>
    <subfield code="2">ddc</subfield>
    <subfield code="4">0</subfield>
    <subfield code="7">0</subfield>
    <subfield code="8">FS</subfield>
    <subfield code="a">SSSL</subfield>
    <subfield code="b">SSSL</subfield>
    <subfield code="c">TXT</subfield>
    <subfield code="d">2016-07-14</subfield>
    <subfield code="e">KIRTI PRAKASHAN</subfield>
    <subfield code="g">675.00</subfield>
    <subfield code="i">SGTU</subfield>
    <subfield code="l">8</subfield>
    <subfield code="o">541.39,LAI</subfield>
    <subfield code="p">PS1193</subfield>
    <subfield code="r">2023-03-17 00:00:00</subfield>
    <subfield code="s">2023-03-10</subfield>
    <subfield code="w">2015-10-19</subfield>
    <subfield code="y">FPS</subfield>
    <subfield code="k">3151</subfield>
  </datafield>
  <datafield tag="952" ind1=" " ind2=" ">
    <subfield code="0">0</subfield>
    <subfield code="1">0</subfield>
    <subfield code="2">ddc</subfield>
    <subfield code="4">0</subfield>
    <subfield code="7">0</subfield>
    <subfield code="8">FS</subfield>
    <subfield code="a">SSSL</subfield>
    <subfield code="b">SSSL</subfield>
    <subfield code="c">TXT</subfield>
    <subfield code="d">2016-07-14</subfield>
    <subfield code="e">KIRTI PRAKASHAN</subfield>
    <subfield code="g">675.00</subfield>
    <subfield code="i">SGTU</subfield>
    <subfield code="l">0</subfield>
    <subfield code="o">541.39,LAI</subfield>
    <subfield code="p">PS1194</subfield>
    <subfield code="r">2016-07-14 00:00:00</subfield>
    <subfield code="w">2015-10-19</subfield>
    <subfield code="y">FPS</subfield>
    <subfield code="k">3151</subfield>
  </datafield>
  <datafield tag="999" ind1=" " ind2=" ">
    <subfield code="c">9278</subfield>
    <subfield code="d">9278</subfield>
  </datafield>
</record>
